000 00607nam a2200229Ia 4500
003 OSt
005 20220926043924.0
006 a|||||r|||| 00| 0
007 ta
008 220923b |||||||| |||| 00| 0 eng d
037 _cGeneral Book
040 _aRTL
_cRTL
_beng
041 _2eng
_aeng
082 _aY1, K3
100 _aBroom Leonard
_911076
245 0 _aSociology
_b A text with adapted readings
260 _c1963
650 _aEssay Sociology
700 _a Selznick Philip
_911077
942 _hY1, K3
_cGB
_2CC
999 _c673491
_d673491